Pays transcontinentaux - Statistiques

Statistiques générales
  • Ce quiz a été pris 187 fois
  • Le résultat moyen est 18 sur 27
Statistiques - réponses
Nombre de
continents
Pays % Correct
2 Russie
99%
6 France
97%
7 Royaume-Uni
93%
2 Turquie
93%
2 États-Unis
92%
2 Espagne
91%
3 Portugal
85%
2 Danemark
79%
2 Italie
75%
3 Pays-Bas
75%
3 Australie
72%
2 Indonésie
69%
2 Japon
68%
2 Égypte
67%
2 Norvège
62%
2 Argentine
61%
2 Panama
59%
3 Chili
58%
2 Géorgie
57%
2 Grèce
55%
2 Nouvelle-Zélande
54%
2 Azerbaïdjan
51%
2 Colombie
51%
2 Kazakhstan
47%
2 Afrique du Sud
46%
2 Venezuela
39%
2 Yémen
25%
Aucun quiz correspondant
Distribution des résultats
% des personnes avec chaque résultat
Percentile par nombre de réponses
Votre historique - résultats
Vous n’avez pas pris ce quiz